000 00594nmm a2200193Ia 4500
008 251105s9999||||xx |||||||||||||||||und||
020 _a9788496231375
041 _aspa
100 _aCaldwell, Taylor
245 0 _aLa tierra del señor :
_b Genghis Khan, el poderoso emperador de los mongoles.
264 _a[Madrid, España] :
_bMaeva Ediciones,
_c2005
300 _a0 páginas
490 _aNueva Historia
650 _aHistorical fiction
700 _aCaldwell, Taylor
700 1 _a Piñero Mitchell, Rosa
856 _uhttps://public.digitaliapublishing.com/a/31493
942 _cCF
999 _c63328
_d63328